Devine le personnage de Once Upon A Time - Statistiques

Statistiques générales
  • Ce quiz a été pris 652 fois
  • Le résultat moyen est 19 sur 21
Statistiques - réponses
Par images Réponse % Correct
Emma Swan
98%
Killian Jones
98%
Cruella d'Enfer
97%
Mary Margaret Blanchard
97%
Peter Pan
97%
Belle French
96%
David Nolan
96%
Henry Mills
96%
Regina Mills
95%
Maléfique
94%
Robin de Locksley
94%
Ariel
93%
Ursula
88%
Scarlett
87%
Zelena
87%
Cora
86%
Rumplestiltskin
84%
Neal Cassidy
82%
August Booth
81%
Archibald Hopper
73%
Barbe Noire
70%
Aucun quiz correspondant
Distribution des résultats
% des personnes avec chaque résultat
Percentile par nombre de réponses
Votre historique - résultats
Vous n’avez pas pris ce quiz